Loading...
| Fine Arts - Classical Music | 0 | 10 | 0 | 3 | 100 | 52 | 85.60 | 1 | 4 | 0.00 | 0.00 |
| History - World | 0 | 8 | 0 | 0 | 80 | 29 | 58.38 | 1 | 5 | 0.00 | 0.00 |
| Religion | 0 | 7 | 0 | 1 | 70 | 62 | 84.71 | 0 | 3 | 0.00 | 0.00 |
| Painting/Sculpture | 0 | 7 | 0 | 1 | 70 | 29 | 77.57 | 1 | 4 | 0.00 | 0.00 |
| History - European | 0 | 7 | 0 | 0 | 70 | 44 | 64.43 | 2 | 5 | 0.00 | 0.00 |
| Literature - European | 0 | 7 | 2 | 0 | 60 | 53 | 95.86 | 1 | 4 | 0.00 | 0.00 |
| Philosophy | 0 | 6 | 0 | 0 | 60 | 31 | 70.17 | 1 | 4 | 0.00 | 0.00 |
| History - American | 0 | 5 | 0 | 0 | 50 | 49 | 59.40 | 0 | 3 | 0.00 | 0.00 |
| Literature - American | 0 | 4 | 0 | 0 | 40 | 76 | 88.50 | 0 | 1 | 0.00 | 0.00 |
| History - Other | 0 | 5 | 2 | 0 | 40 | 71 | 82.40 | 1 | 2 | 0.00 | 0.00 |
| Literature - British | 0 | 4 | 1 | 0 | 35 | 48 | 71.75 | 0 | 3 | 0.00 | 0.00 |
| Science - Physics | 0 | 4 | 1 | 1 | 35 | 48 | 73.50 | 0 | 2 | 0.00 | 0.00 |
| Social Science | 0 | 4 | 2 | 1 | 30 | 69 | 77.25 | 0 | 2 | 0.00 | 0.00 |
| Mythology | 0 | 3 | 0 | 0 | 30 | 68 | 75.67 | 0 | 2 | 0.00 | 0.00 |
| Science - Other | 0 | 3 | 1 | 2 | 25 | 65 | 80.33 | 0 | 1 | 0.00 | 0.00 |
| Science - Biology | 0 | 3 | 1 | 0 | 25 | 8 | 47.00 | 1 | 2 | 0.00 | 0.00 |
| Literature - World | 0 | 2 | 0 | 0 | 20 | 54 | 75.50 | 0 | 1 | 0.00 | 0.00 |
| Geography | 0 | 2 | 0 | 0 | 20 | 76 | 85.00 | 0 | 1 | 0.00 | 0.00 |
| Current Events | 0 | 2 | 0 | 0 | 20 | 54 | 62.50 | 0 | 1 | 0.00 | 0.00 |
| Science - Chemistry | 0 | 2 | 0 | 0 | 20 | 40 | 52.00 | 0 | 1 | 0.00 | 0.00 |
| Pop Culture | 0 | 1 | 0 | 0 | 10 | 70 | 70.00 | 0 | 0 | 0.00 | 0.00 |
| Fine Arts - Other | 0 | 1 | 1 | 0 | 5 | 85 | 85.00 | 0 | 0 | 0.00 | 0.00 |